| 000 | 00790nam a2200205Ia 4500 | ||
|---|---|---|---|
| 005 | 20241216011459.0 | ||
| 008 | 190429s9999||||xx |||||||||||||| ||und|| | ||
| 082 |
_a332 _bH82 |
||
| 100 | _aHUAYRE CANCHUMANYA NILTON NESTOR | ||
| 245 | 0 |
_aEVALUACION ECONOMICA FINANCIERA Y LA INCIDENCIA EN LA MENOR RECAUDACION DE LOS RECURSOS PROPIOS EN LA MUNICIPALIDAD DISTRITO DE YANACANCHA PERIODO 2009 _bCON CD |
|
| 250 | _a0 | ||
| 260 |
_aCERRO DE PASCO-PERU _bUNDAC _c2010 |
||
| 300 |
_a70 pag. _c30 cm. |
||
| 341 | _h0 | ||
| 490 |
_v0 _a0 |
||
| 505 | _aPLANTEAMIENTO DEL PROBLEMA,MARCO TEORICO Y CONCEPTUAL,METODOLOGIA Y TECNICAS DE INVSTIGACION,ANALISIS E INTWERPRETACION DE RESULTADOS. | ||
| 541 |
_aD _bHUAYRE CANCHUMANYA NILTON _d04-May-18 _oSoles |
||
| 650 | _aContabilidad | ||
| 942 | _cTESIS | ||
| 999 |
_c43053 _d43053 |
||